Normal view
MARC view
- مبارك،فتحي يوسف
Entry Personal Name
001 - CONTROL NUMBER
- control field: 13645
003 - CONTROL NUMBER IDENTIFIER
- control field: JO-AjAnu
005 - DATE AND TIME OF LATEST TRANSACTION
- control field: 20230606072500.0
008 - FIXED-LENGTH DATA ELEMENTS
- fixed length control field: 230606|| aca||aabn | a|a d
040 ## - CATALOGING SOURCE
- Original cataloging agency: JO-AjAnu
- Transcribing agency: JO-AjAnu
100 ## - HEADING--PERSONAL NAME
- Personal name: مبارك،فتحي يوسف
670 ## - SOURCE DATA FOUND
- Source citation: Work cat.: (JO-AjAnu)7019: مبارك،فتحي يوسف, author, الاسلوب التكاملي في بناء المنهج :النظرية والتطبيق